| 000 | 00536nam a2200193 a 4500 | ||
|---|---|---|---|
| 001 | 5015 | ||
| 003 | CO-ViMGA | ||
| 008 | 141112s2004 ck r 000 u spa d | ||
| 040 |
_aCO-ViMGA _bspa _cCO-ViMGA |
||
| 082 | 0 | 4 | _a617.1027 T798 |
| 245 | 1 | 0 |
_aTraumatologia del deporte : _ben la practica medica corriente (FUERA DE SERVICIO) |
| 250 | _a3a | ||
| 260 |
_aBarcelona : _bHispano europea, _c1995 |
||
| 300 | _a342 p : il | ||
| 490 | _aHerakles | ||
| 590 | _aEjemplares : 01 | ||
| 650 | 1 | 4 |
_aMEDICINA DEPORTIVA _93224 |
| 942 |
_2ddc _cBK |
||
| 999 |
_c17017 _d17017 |
||